000 00466nam a22001937a 4500
003 MPLRDC
005 20220104113853.0
008 210129b ||||| |||| 00| 0 eng d
020 _a957-9525-49-8
082 _a848.2 YGZ-4
100 _a余光中著
245 _a梦与地理
_c
250 _a二印
260 _a
_b洪范书店有限公司
_c1992
300 _b
490 _a洪范文学丛书;209
650 _a现代别集
942 _cBK
_o848.2 YGZ-4
999 _c3012
_d3002